City to Country Quiz #2 - Statistics

General Stats
  • This quiz has been taken 108,070 times
    103,586 since last reset
  • The average score is 16 of 27
Answer Stats
City Country % Correct
Nottingham United Kingdom
98%
Venice Italy
97%
Fukushima Japan
95%
Chihuahua Mexico
85%
Limerick Ireland
81%
Moose Jaw Canada
79%
Doha Qatar
75%
Malmö Sweden
75%
Tours France
73%
Malaga Spain
66%
Belo Horizonte Brazil
63%
Lahore Pakistan
63%
Fes Morocco
62%
Corfu Greece
61%
Ísafjörður Iceland
61%
Abuja Nigeria
57%
Linz Austria
52%
Magnitogorsk Russia
51%
Chiang Mai Thailand
51%
Barranquilla Colombia
49%
Benghazi Libya
47%
Montego Bay Jamaica
44%
Almaty Kazakhstan
41%
Dunedin New Zealand
32%
Ürümqi China
31%
Tikrit Iraq
29%
Sfax Tunisia
20%
No matching quizzes found
Score Distribution
Percent of People with Each Score
Percentile by Number Answered
Your Score History
You have not taken this quiz since the last reset